Breathing life into medical writing : a handbook /

Bibliographic Details
Main Author: Sheen, Anitra Peebles
Format: Book
Language:English
Published: St. Louis : Mosby, 1982.
Subjects:

MARC

Tag First Indicator Second Indicator Subfields
LEADER 00000pam a2200000 a 4500
001 in00000075089
005 20151008060308.0
008 810819s1982 moua b 00110 eng
010 |a  81014048  
020 |a 0801645891 
035 |a (OCoLC)07735125 
035 |9 AAJ5488AM 
039 0 |a 2  |b 3  |c 3  |d 3  |e 3 
040 |a DLC  |c DLC  |d TXA  |d UtOrBLW 
049 |a TXAM  |c [952139] 
050 0 0 |a R119  |b .S46 
060 0 |a WZ 345 S541b 
082 0 |a 808/.06661021  |2 19 
100 1 |a Sheen, Anitra Peebles. 
245 1 0 |a Breathing life into medical writing :  |b a handbook /  |c Anitra Peebles Sheen. 
264 1 |a St. Louis :  |b Mosby,  |c 1982. 
300 |a xi, 108 pages :  |b illustrations ;  |c 24 cm. 
336 |a text  |b txt  |2 rdacontent 
337 |a unmediated  |b n  |2 rdamedia 
338 |a volume  |b nc  |2 rdacarrier 
500 |a Includes index. 
504 |a Bibliography: page 103. 
650 0 |a Medical writing. 
650 2 |a Writing  |x handbooks. 
999 |a MARS 
999 f f |s 6ffa2193-5741-3bd9-8ee5-f1ce1875e2cf  |i 2c1e6540-8afb-3daa-83e1-4a071dcef93c  |t 0 
952 f f |p ric  |a Texas A&M University  |b Rellis Campus  |c Joint Library Facility  |d Remote Storage  |t 0  |e R119 .S46  |h Library of Congress classification  |i unmediated -- volume  |m A14806226601 
998 f f |a R119 .S46  |t 0  |l Remote Storage